| 000 | 02358nam a2200289 a 4500 | ||
|---|---|---|---|
| 003 | OSt | ||
| 005 | 20251111141836.0 | ||
| 007 | cr ||||||a|c|a | ||
| 008 | 230508s2020 mx a|||fom||| 001 0 spa d | ||
| 040 | _erda | ||
| 100 | 1 |
_9186917 _aPérez Pérez, Juvencio |
|
| 245 | 1 |
_aEvaluación de efectividad de fungicidas para el control del manchado del cáliz de la jamaica (Hibiscus sabdariffa L.) / _cpor Juvencio Pérez Pérez; director de tesis Humberto Villegas Rodríguez |
|
| 264 | 1 |
_aChapingo, México : _bEl autor, _c2020. |
|
| 300 |
_a1 recurso en línea (70 páginas): _bilustraciones, cuadros |
||
| 336 |
_2rdacontent _atexto _btxt |
||
| 337 |
_2rdamedia _acomputadora _bc |
||
| 338 |
_2rdacarrier _arecurso en línea _bcr |
||
| 502 |
_bIAEF _cFitotecnia _d2020. _gLIC |
||
| 504 | _aIncluye referencias bibliográficas: páginas 67-70 | ||
| 520 | _aLa producción y manejo del cultivo de la jamaica (Hibiscus sabdariffa. L.) es una de las actividades importantes generadores de ingreso para los pequeños productores en el estado de Oaxaca. La cual se ha visto afectada en años recientes por una enfermedad que se caracteriza por el manchado del cáliz de la jamaica, factor que afecta económicamente al productor al momento de la comercialización, esto debido a la pérdida de calidad y por consiguiente disminución de sus ingresos. Ante dicho problema fitosanitario se plantea la presente investigación con el objetivo de evaluar cuatro productos fúngicos (benomilo, azoxystrobin, oxicloruro de cobre y Sulfato de cobre pentahidratado + cuaternario de amonio) para determinar el efecto que tiene estas sobre el problema, específicamente en el municipio de Santo Domingo de Morelos, considerado el principal productor del estado. Los fungicidas empleados en la investigación mostraron resultados favorables para el control de la enfermedad, sin embargo, resulta mejor el uso de los productos recomendados en la agricultura orgánica con ingredientes activos oxicloruro de cobre y azoxystrobin. | ||
| 650 | 4 |
_961000 _aJamaica _xProducción |
|
| 650 | 4 |
_960997 _aJamaica _xMercadeo |
|
| 650 | 4 |
_9186950 _aFungicidas _xEfecto en jamaica |
|
| 700 | 1 |
_9119771 _aVillegas Rodríguez, Humberto _edirector. |
|
| 856 |
_uhttp://10.13.5.2/tesis/tl/Perez_Perez_Juvencio.pdf _zDESCARGAR PDF |
||
| 942 |
_2Clasificación Universidad Autónoma Chapingo _cTD |
||
| 999 |
_c218698 _d218698 |
||